Traité de médecine légale de jurisprudence médicale et de toxicologie / (Record no. 164827)

MARC details
000 -LEADER
campo de control de longitud fija 01004nam a22002175i 4500
001 - NÚMERO DE CONTROL
campo de control 164827
003 - IDENTIFICADOR DE NÚMERO DE CONTROL
campo de control ES-MaACL
005 - FECHA Y HORA DE LA ÚLTIMA TRANSACCIÓN
campo de control 20250806060946.0
008 - DATOS DE LONGITUD FIJA--INFORMACIÓN GENERAL
campo de control de longitud fija 011016s1886 fr af |||| | fre d
040 ## - FUENTE DE CATALOGACIÓN
Centro catalogador/agencia de origen CCPB | B
Lengua de catalogación spa
Centro/agencia transcriptor CCPB | B
100 1# - ENTRADA PRINCIPAL--NOMBRE DE PERSONA
Nombre de persona Legrand du Saulle, Henri.
9 (RLIN) 128854
245 10 - MENCIÓN DEL TÍTULO
Título Traité de médecine légale de jurisprudence médicale et de toxicologie /
Mención de responsabilidad, etc. par Legrand du Saulle, Georges Berryer et Gabriel Pouchet ; ouvrage couronné par l'Institut de France.
250 ## - MENCION DE EDICION
Mención de edición 2ème éd., entièrement refondue.
260 ## - PUBLICACIÓN, DISTRIBUCIÓN, ETC.
Lugar de publicación, distribución, etc. Paris :
Nombre del editor, distribuidor, etc. Adrien Delahaye et Émile Lecrosnier, éditeurs,
Fecha de publicación, distribución, etc. 1886 (
Lugar de fabricación/manufactura Bourloton :
Fabricante Imprimeries réunies, B.)
300 ## - DESCRIPCIÓN FÍSICA
Extensión XI, 1680 p., II h. de grab. :
Otras características físicas il. ;
Dimensiones 24 cm.
650 #7 - PUNTO DE ACCESO ADICIONAL DE MATERIA--TÉRMINO DE MATERIA
Término de materia o nombre geográfico como elemento de entrada Medicina legal
Fuente del encabezamiento o término embne
9 (RLIN) 14928
700 12 - ENTRADA AGREGADA--NOMBRE PERSONAL
Nombre de persona Berryer, Georges.
Título de la obra Traité de médecine légale de jurisprudence médicale et de toxicologie.
9 (RLIN) 125956
700 0# - ENTRADA AGREGADA--NOMBRE PERSONAL
Nombre de persona Pouchet, Gabriel.
9 (RLIN) 93423
852 ## - LOCALIZACIÓN
Ubicación ES-MaACL
Número de control de estantería B-10869
Nota libre -- Enc. pasta
Holdings
Estatus retirado Estado de pérdida Estado de daño No para préstamo Colección Biblioteca de origen Biblioteca actual Ubicación en estantería Fecha de adquisición Fuente de adquisición Total de préstamos Signatura topográfica completa Código de barras Visto por última vez Precio de reemplazo Tipo de ítem Koha
        Libros del s. XIX Biblioteca del Ateneo de Madrid Biblioteca del Ateneo de Madrid Sala Pardo Bazán 17/01/2008     B-10869 1172786 23/02/2023 23/02/2023 Libro impreso antiguo